Datum a čas kvízu
28.5
Celkem bodů
Celkový počet nahraných bodů na tomto kvízu bez doplňovacích otázek.
7.
Pořadí na kvízu
Konečné umístění týmu na tomto kvízu.
Zaznamenané odpovědi
| # | Otázka | Odpověď | Body | Výsledky |
|---|---|---|---|---|
| 1. | Dům zahraniční spolupráce minu... | B | 0 | |
| 2. | Ruská poslankyně Natalja Poklo... | na Krym | 1 | |
| 3. | Slavnostní otevření nové libeň... | Kabát | 0 | |
| 4. | V pondělí jsme se dozvěděli, ž... | Thomas Cook | 1 | |
| 5. | Čeští kajakáři i kajakářky zís... | hlídky | 0 | |
| 6. | V tomto tématu se podíváme na... | Tábor, Šárka | 1 | |
| 7. | Kolik procent tuku musí nejmén... | 10 % | 1 | |
| 8. | Celá rostlina pampelišky, tedy... | latex | 0 | |
| 9. | Po Bedřichu Smetanovi byl pojm... | Merkur | 1 | |
| 10. | Futuretro, Biorytmy, Kluci kde... | Tata Bojs | 1 |